000
00205nam a2200109Ia 4500
100
_a
Paulo Coelho
942
_c
BK
245
_a
Brida
260
_b
Hopper Collins
_c
2008
546
_a
ENGLISH
999
_c
33908
_d
33908